|
|
|
|
| LEADER |
00000caa a2200000 c 4500 |
| 001 |
1500023612 |
| 003 |
DE-627 |
| 005 |
20220602123642.0 |
| 007 |
tu |
| 008 |
150430s2015 xx ||||| 00| ||ger c |
| 020 |
|
|
|a 9783848718870
|
| 035 |
|
|
|a (DE-627)1500023612
|
| 035 |
|
|
|a (DE-576)430023618
|
| 035 |
|
|
|a (DE-599)BSZ430023618
|
| 040 |
|
|
|a DE-627
|b ger
|c DE-627
|e rakwb
|
| 041 |
|
|
|a ger
|
| 100 |
1 |
|
|a Esser, Robert
|d 1970-2025
|0 (DE-588)13963522X
|0 (DE-627)612250741
|0 (DE-576)312534817
|4 aut
|
| 109 |
|
|
|a Esser, Robert 1970-2025
|
| 245 |
1 |
4 |
|a Das Doppelverfolgungsverbot in der Rechtsprechung des EGMR (Art. 4 den 7. ZP EMRK)
|b Divergenzen und Perspektiven
|c Robert Esser
|
| 246 |
3 |
3 |
|a Das Doppelverfolgungsverbot in der Rechtsprechung des EGMR (Artikel vier den siebten ZP EMRK)
|
| 264 |
|
1 |
|c 2015
|
| 336 |
|
|
|a Text
|b txt
|2 rdacontent
|
| 337 |
|
|
|a ohne Hilfsmittel zu benutzen
|b n
|2 rdamedia
|
| 338 |
|
|
|a Band
|b nc
|2 rdacarrier
|
| 773 |
0 |
8 |
|i In
|t "Ne bis in idem" in Europa
|b 1. Aufl.
|d Baden-Baden : Nomos, 2015
|g (2015), Seite 27-64
|h 193 S.
|w (DE-627)818499338
|w (DE-576)426529138
|z 9783848718870
|z 3848718871
|7 nnam
|
| 773 |
1 |
8 |
|g year:2015
|g pages:27-64
|
| 951 |
|
|
|a AR
|
| ELC |
|
|
|b 1
|
| LOK |
|
|
|0 000 xxxxxcx a22 zn 4500
|
| LOK |
|
|
|0 001 2846712581
|
| LOK |
|
|
|0 003 DE-627
|
| LOK |
|
|
|0 004 1500023612
|
| LOK |
|
|
|0 005 20260119113454
|
| LOK |
|
|
|0 008 150619||||||||||||||||ger|||||||
|
| LOK |
|
|
|0 040
|a DE-21-110
|c DE-627
|d DE-21-110
|
| LOK |
|
|
|0 689
|a s
|a Ne bis in idem
|
| LOK |
|
|
|0 689
|a s
|a Doppelbestrafungsverbot
|
| LOK |
|
|
|0 689
|a s
|a Doppelte Strafverfolgung
|
| LOK |
|
|
|0 689
|a k
|a EGMR
|
| LOK |
|
|
|0 689
|a s
|a EMRK
|
| LOK |
|
|
|0 852
|a DE-21-110
|
| LOK |
|
|
|0 852 1
|m p
|9 00
|
| LOK |
|
|
|0 938
|k p
|
| LOK |
|
|
|0 939
|a 19-06-15
|b l01
|
| ORI |
|
|
|a SA-MARC-krimdoka001.raw
|